Datin Paduka Shahaneem Hanoum (Record no. 107702)

MARC details
000 -LEADER
fixed length control field 00633nam a2200229 i 4500
001 - CONTROL NUMBER
control field C2-0304573
003 - CONTROL NUMBER IDENTIFIER
control field PPAK
005 - DATE AND TIME OF LATEST TRANSACTION
control field 20180728085702.0
008 - FIXED-LENGTH DATA ELEMENTS--GENERAL INFORMATION
fixed length control field 100602s xx a|||| ||||| | may d
040 ## - CATALOGING SOURCE
Original cataloging agency PPAK
Language of cataloging eng
Transcribing agency PPAK
Description conventions rda
082 04 - DEWEY DECIMAL CLASSIFICATION NUMBER
Classification number 070.4
Edition number 23
090 00 - LOCALLY ASSIGNED LC-TYPE CALL NUMBER (OCLC); LOCAL CALL NUMBER (RLIN)
Classification number (OCLC) (R) ; Classification number, CALL (RLIN) (NR) 070.4
Feature heading MIR
Feature heading KK
100 0# - MAIN ENTRY--PERSONAL NAME
Personal name Mirieatie,
Relator term author
245 10 - TITLE STATEMENT
Title Datin Paduka Shahaneem Hanoum
300 ## - PHYSICAL DESCRIPTION
Extent 2 pages :
Other physical details illustrations ;
Dimensions 30 cm
336 ## - CONTENT TYPE
Source rdacontent
Content type term text
337 ## - MEDIA TYPE
Source rdamedia
Media type term unmediated
338 ## - CARRIER TYPE
Source rdacarrier
Carrier type term volume
500 ## - GENERAL NOTE
General note Petikan dari majalah Keluarga - Februari 2008
650 10 - SUBJECT ADDED ENTRY--TOPICAL TERM
Topical term or geographic name entry element Journalism - Article
942 ## - ADDED ENTRY ELEMENTS (KOHA)
-- dc
Koha item type Book
Holdings
Withdrawn Not for loan Current library Shelving location Date acquired Full call number Barcode Date last seen Koha item type Public note
  Not For Loan Perpustakaan Alor Setar Koleksi Kedah 02/06/2010 KK 070.4 MIR A00362773 09/05/2018 Book Artikel Pilihan